| 000 | 00821cam a2200277 a 4500 | ||
|---|---|---|---|
| 999 |
_c7077 _d7077 |
||
| 001 | 118751 | ||
| 003 | GBCCL | ||
| 005 | 20241126110618.0 | ||
| 008 | 021125s1937 miu 000 0 eng d | ||
| 035 | _a(OCoLC)ocm51062795 | ||
| 040 |
_aCOO _cCOO _dOCLCQ _dLBB |
||
| 049 | _aLBBK | ||
| 050 | 4 |
_aBS651 _b.R55 |
|
| 082 |
_a215 _bRIM |
||
| 090 |
_aBS651 _b.R55 1937 |
||
| 100 | 1 |
_aRimmer, Harry, _d1890-1952. _99105 |
|
| 245 | 1 | 0 |
_aModern science and the Genesis record / _cby Harry Rimmer. |
| 250 | _a13th ed. | ||
| 260 |
_aGrand Rapids, Mich. : _bWm. B. Eerdmans Pub. Co., _cc 1937. |
||
| 300 |
_a292 p. ; _c21 cm. |
||
| 440 | 0 |
_aJohn Laurence Frost memorial library ; _vv.2 _912524 |
|
| 650 | 0 |
_aCreation. _91249 |
|
| 650 | 0 |
_aBible and science. _91890 |
|
| 650 | 0 |
_aReligion and science _y1900- _912525 |
|
| 942 |
_2ddc _cBK |
||